000 01059cam4a220022900 4500
001 lce00595548
008 740502r19671951wauab 000 0 eng
010 _a 67001485 //r89
035 _a(Sirsi) r80703
035 _a(DLC) 67001485 //r89
035 _a(UPRA)lce00595548
043 _an-us-dc
050 0 _aJK9225.1967
_b.A95
082 _a353.9797
100 1 _aAvery, Mary W. (Mary Williamson), 1907-1975.
_qAvery, Mary W. (Mary Williamson), 1907-1975.
_dAvery, Mary W. (Mary Williamson), 1907-1975.
_6A40425.1
245 1 0 _aGovernment of Washington State
_c[by] Mary W. Avery.
260 _aSeattle,
_bUniversity of Washington Press
_c[1967, c1966]
500 _aPublished in 1951, 1955, and 1957 under title: Government of the State of Washington; published in 1961 as the government section of History and government of the State of Washington.
651 0 _aWashington (State) -- Politics and government.
_xWashington (State) -- Politics and government.
_6S32071.1
949 _aJK9225.1967
_wlcc
_i-111567
_mMAIN
_tBOOK
_lON-SHELF
004 80703
999 _c81109
_d81109